Guess the Glee Lyrics! 26 Quiz Stats

 Plays Quiz not verified by Sporcle

Score 0/167 Timer 10:00
0 Plays Today
% Correct
you
92.8%
you
92.8%
you
92.8%
you
92.8%
You
92.8%
you
92.8%
you
92.8%
you
92.8%
you
92.8%
You
92.8%
you.
92.8%
you
92.8%
you,
92.8%
you
92.8%
you.
92.8%
a
92.3%
And
92.3%
a
92.3%
a
92.3%
And
92.3%
a
92.3%
and
92.3%
me
81.4%
me
81.4%
me
81.4%
to
76.2%
we
72.8%
we
72.8%
we
72.8%
you're
70.5%
You're
70.5%
is
69.8%
so
68.9%
my
68.4%
My
68.4%
My
68.4%
my
68.4%
go
65.4%
are
64.6%
for
61.7%
for
61.7%
of
58.7%
of
58.7%
I'm
58.3%
how
55%
that
54.8%
too
54.6%
this
54.4%
this
54.4%
can't
53.6%
Like
53%
with
53%
All
52.9%
but
51.9%
But
51.9%
But
51.9%
% Correct
but
51.9%
now,
51.3%
now,
51.3%
now,
51.3%
got
49.9%
got
49.9%
got
49.9%
got
49.9%
yeah
47.5%
yeah
47.5%
yeah
47.5%
yeah
47.5%
yeah
47.5%
yeah
47.5%
know
47.2%
would
47.1%
I've
47.1%
would
47.1%
would
47.1%
life
46.8%
life
46.8%
life
46.8%
here
46.6%
here
46.6%
here
46.6%
here
46.6%
'Cuz
44.6%
'Cuz
44.6%
'Cuz
44.6%
take
44.3%
never
44.3%
without
43.4%
without
43.4%
without
43.4%
without
43.4%
out
42.6%
up
42.4%
I
42.1%
I
42.1%
I
42.1%
I
42.1%
I
42.1%
I
42.1%
was
42%
was
42%
said
41.7%
Said
41.7%
piece
40.6%
piece
40.6%
piece
40.6%
suck
40.4%
suck
40.4%
suck
40.4%
together
39.8%
together
39.8%
together
39.8%
% Correct
much
39.7%
come
39.6%
standing
39.1%
back
39.1%
back
39.1%
belong
38.2%
belong
38.2%
belong
38.2%
door
38.1%
before
38.1%
again
37.2%
sorry
37.1%
Guess
37%
Guess
37%
let
37%
means
36.6%
means
36.6%
you'd
36.4%
Forever
36.4%
Forever
36.4%
Forever
36.4%
wanted
35.6%
Anyone
34.4%
honestly
34.4%
honestly
34.4%
honestly
34.4%
by
33.9%
You've
33%
nothing
32.9%
somehow,
32.8%
somehow,
32.8%
somehow,
32.8%
way
32.6%
messed
30.9%
pretty
30.1%
Being
30.1%
united
29.8%
united
29.8%
united
29.8%
issues
28.3%
Maybe
27.8%
Maybe
27.8%
goodbye
27.1%
telling
27.1%
wrong
26.4%
found
26.2%
stupid
26%
fight
25.8%
tryin'
25.7%
really
25.3%
shouldn't
24.8%
miss
24.7%
pick
24.4%
Either
24%
disfunctional.
20.8%

You're not logged in!

Compare scores with friends on all Sporcle quizzes.
OR
Log In

Show Comments

Extras

Created Mar 12, 2011ReportNominate
Tags:glee

Top Quizzes Today


Score Distribution

Your Account Isn't Verified!

In order to create a playlist on Sporcle, you need to verify the email address you used during registration. Go to your Sporcle Settings to finish the process.

Report this User

Report this user for behavior that violates our Community Guidelines.

Details: